| 000 | 00747nam a22002177a 4500 | ||
|---|---|---|---|
| 003 | OSt | ||
| 005 | 20251124163946.0 | ||
| 008 | 251124b |||||||| |||| 00| 0 eng d | ||
| 020 | _a9786214180950 | ||
| 040 |
_aDWCL-Main lib _cOC |
||
| 082 | _aFil. 338.4791 O81e 2020 | ||
| 100 | _aOsorno, Rene D. | ||
| 245 |
_aEntrepreneurship in tourism & hospitality/ _cRene D. Osorno |
||
| 260 |
_a[ place of publication not identified] : _bWiseman's books trading, inc., _cc2020. |
||
| 300 |
_aii, 70 pages : illustrations ; 26cm. _billustrations ; _c26cm. |
||
| 504 | _aIncludes bibliographical references | ||
| 650 | _a1. Entrepreneurship | ||
| 650 | _a2. Tourism-- Management | ||
| 700 | _aGrayfield Bajao | ||
| 942 |
_2ddc _cBK - FIL _kFil. _n0 |
||
| 999 |
_c6147 _d6147 |
||